000 00606cab a2200217 4500
001 X402
008 090401t1993 xxu||||| |||| 00| 0 eng d
035 _a(Sirsi) u65433
041 _aeng
245 _aNational land information system will revolutionise property purchasing
260 _c1993
350 _a0
490 _aCS Monthly : Rural Practice
_v2(4) January 1993, 14(1)
650 _aCAPITAL AND COUNTIES
650 _aDOMESDAY 2000
650 _aNATIONAL LAND INFORMATION SERVICE
650 _aNATIONAL LAND INFORMATION SERVICE
690 _aLAND
942 _n0
948 _c04/03/1997
999 _c40799
_d40799